Origanizational Behaviour (Record no. 307389)

MARC details
000 -LEADER
fixed length control field 00277pam a2200109a 44500
008 - FIXED-LENGTH DATA ELEMENTS--GENERAL INFORMATION
fixed length control field 230405s2011 xxu||||| |||| 00| 0 eng d
041 ## - LANGUAGE CODE
Language code of text/sound track or separate title ENG
100 ## - MAIN ENTRY--PERSONAL NAME
Personal name Dr nair & Ms Bhutani
245 ## - TITLE STATEMENT
Title Origanizational Behaviour
260 ## - PUBLICATION, DISTRIBUTION, ETC.
Place of publication, distribution, etc.
Name of publisher, distributor, etc. Abhishek Publications
Date of publication, distribution, etc. 2011
906 ## - LOCAL DATA ELEMENT F, LDF (RLIN)
a 16890
Holdings
Withdrawn status Lost status Damaged status Not for loan Collection Home library Current library Shelving location Date acquired Source of acquisition Cost, normal purchase price Total Checkouts Barcode Date last seen Price effective from Koha item type
          Matoshri Bayabai Shripatrao Kadam Kanya Mahavidyalaya, Kadegaon, Sangli Matoshri Bayabai Shripatrao Kadam Kanya Mahavidyalaya, Kadegaon, Sangli   07/06/2012 Star book service Behind Natuboaug Ganpati Mandal 595.00   KVK-MRP00473 18/04/2023 18/04/2023 Book